Bồ câu không đưa thư Truyện dài

Gorde:
Xehetasun bibliografikoak
Egile nagusia: Nguyễn Nhật ánh
Formatua: Liburua
Hizkuntza:Undetermined
Argitaratua: Tp. HCM Trẻ 2001
Gaiak:
Etiketak: Etiketa erantsi
Etiketarik gabe, Izan zaitez lehena erregistro honi etiketa jartzen!
Thư viện lưu trữ: Trung tâm Học liệu Trường Đại học Cần Thơ
LEADER 00536nam a2200181Ia 4500
001 CTU_46745
008 210402s9999 xx 000 0 und d
082 |a 895.9223 
082 |b A107bô 
100 |a Nguyễn Nhật ánh 
245 0 |a Bồ câu không đưa thư 
245 0 |b Truyện dài 
245 0 |c Nguyễn Nhật ánh 
260 |a Tp. HCM 
260 |b Trẻ 
260 |c 2001 
650 |a school fiction,vietnamese literature - 20th century 
980 |a Trung tâm Học liệu Trường Đại học Cần Thơ